La dirección estratégica de la empresa teoría y aplicaciones (Registro nro. 59084)
[ vista simple ]
| 000 -ENCABEZADO | |
|---|---|
| Número de control [NR] | 00974nam a2200265Ia 4500 |
| 008 - DE LONGITUD FIJA DE DATOS DE ELEMENTOS - INFORMACIÓN GENERAL | |
| Elementos de longitud fija [NR] | 130821s2007 sp gr spa |
| 020 ## - NUMERO INTERNACIONAL NORMALIZADO PARA LIBROS [R] | |
| Número Internacional Normalizado del libro [NR] | 9788447028504 |
| 040 ## - FUENTE DE CATALOGACION [NR] | |
| Agencia de catalogación original [NR] | Co-BoUCM |
| Idioma de catalogación [NR] | spa |
| 041 00 - CODIGO DE IDIOMA [R] | |
| Código de idioma para texto/pista de sonido o título separado [R] | Español |
| 050 ## - SIGNATURA TOPOGRAFICA DE LA BIBLIOTECA DEL CONGRESO (LC) [R] | |
| Número clasificador [R] | 4a. ed. |
| 100 1# - ASIENTO PRINCIPAL--NOMBRE PERSONAL [NR] | |
| Nombre personal [NR] | Guerras Martín, Luis Ángel |
| ID Autoridad | 130520 |
| 245 13 - MENCION DE TITULO [NR] | |
| Título [NR] | La dirección estratégica de la empresa teoría y aplicaciones |
| Mención de responsabilidad, etc. [NR] | Luis Ángel Guerras Martín y José Emilio Navas López |
| 260 ## - PUBLICACION, DISTRIBUCION, ETC. (PIE DE IMPRENTA) [R] | |
| Lugar de publicación, distribución, etc. [R] | Navarra (España) |
| Nombre del editor, distribuidor, etc. [R] | Thomson |
| Fecha de publicación, distribución, etc. [R] | 2007 |
| 300 ## - DESCRIPCION FISICA [R] | |
| Extensión [R] | 688 páginas |
| 490 ## - MENCION DE SERIE [R] | |
| Mención de serie [R] | Biblioteca Civitas Economía y Empresa. |
| -- | Economía. |
| 504 ## - NOTA DE BIBLIOGRAFIA, ETC. [R] | |
| Nota de bibliografía, etc. [NR] | |
| 650 04 - ASIENTO SECUNDARIO DE MATERIA - TERMINO TEMATICO [R] | |
| Término temático o nombre geográfico como elemento de entrada [NR] | Administración de empresas |
| 9 (RLIN) | 435 |
| 650 04 - ASIENTO SECUNDARIO DE MATERIA - TERMINO TEMATICO [R] | |
| Término temático o nombre geográfico como elemento de entrada [NR] | Desarrollo |
| 9 (RLIN) | 12923 |
| 650 04 - ASIENTO SECUNDARIO DE MATERIA - TERMINO TEMATICO [R] | |
| Término temático o nombre geográfico como elemento de entrada [NR] | Estructura organizacional |
| 9 (RLIN) | 15152 |
| 650 04 - ASIENTO SECUNDARIO DE MATERIA - TERMINO TEMATICO [R] | |
| Término temático o nombre geográfico como elemento de entrada [NR] | Planificación empresarial |
| 9 (RLIN) | 21660 |
| 650 04 - ASIENTO SECUNDARIO DE MATERIA - TERMINO TEMATICO [R] | |
| Término temático o nombre geográfico como elemento de entrada [NR] | Planificación estratégica |
| 9 (RLIN) | 21662 |
| 700 1# - ASIENTO SECUNDARIO - NOMBRE PERSONAL [R] | |
| Nombre personal [NR] | Navas López, José Emilio |
| 9 (RLIN) | 130519 |
| 942 ## - ELEMENTOS DE ENTRADA AGREGADOS (KOHA) | |
| Tipo de ítem principal el descrito en 300a | Libro |
| Tema principal | Administración |
| Edición | 1 |
| Parte restante de la signatura top. | N322d |
| Sistema de clasificación | DEWEY |
| Clasificación | 658.4012 |
| Fecha de último préstamo | Total préstamos | Total Renewals | Signatura topográfica | Código de barras | Última vez visto | Volúmen / Fascículo | Ejemplar | Price effective from | Tipo de ítem | Perdido | Sistema de clasificación | Dañado | No prestable | Tipo de ítem específico | Suprimido | Ubicación habitual | Ubicación actual | Localización | Fecha de creación | Forma de adquisición | Costo |
|---|---|---|---|---|---|---|---|---|---|---|---|---|---|---|---|---|---|---|---|---|---|
| 07/04/2017 | 6 | 1 | 658.4012 N322d | 100096368 | 04/12/2025 | 4a. Ed. | Ej.1 | 03/02/2013 | Libro | DEWEY | Libro | Claustro | Claustro | 4to piso | 30/09/2009 | Compra | 279103.00 |